000 00261nam a22001217a 4500
008 170421b xxu||||| |||| 00| 0 eng d
041 _aeng
080 _a579
100 _a11
101 _aSHM
245 _aTHE MICROBIOL WORLD
_cSATNIER.R.Y
942 _2udc
_cBK
999 _c11474
_d11474